000 00348nam a2200133Ia 4500
008 211109s9999||||xx |||||||||||||| ||und||
082 _a920
_bJOS-P
100 _aJoseph K,
245 0 _aPreshithaprachothanam
260 _bNATIONAL BOOKSTALL
_aKottayam
_c1900
630 _xGeneral Stack
650 _aBiography
_vHistory
_xGeneralia
942 _cBOOK
999 _c12106
_d12106